000 00643nam a2200241 a 4500
001 nice12345678
003 IN_TiNIC
005 20260116013005.0
008 050524s1924 hyda grp 000 0 urd
020 _a
_c100
082 0 0 _a954.0258
_bBAI
100 _aBaig, Samiullah
245 _aHind Ahad Aurangzeb Main Baab 2 to 9 Aur Masla Itehad Par Ek Nazar
260 _aHyderabad
_bTaj Press
_c1924
300 _a162p
500 _aincludes index and biblioraphy
505 2 _aFoot notes by Maulana Maulvi Ilahi Bakhsh.
650 _aMughal India
700 1 _aBaig, Samiullah
902 _bSRS
942 _cBK
999 _c9181
_d9181